000 00317nam a22001457a 4500
020 _a978-81-243-049-4
082 _a823
_bBHA/B
100 _aBHATT, BHASKERBHARI
245 _aBIRBAL, THE WISE
260 _bNAVANEET
300 _a31
520 _aENGLISH SHORT STORY
650 _aENGLISH SHORT STORY
942 _cBK
999 _c5461
_d5461